000 00424nam a2200157Ia 4500
005 20240607031425.0
008 240331s9999 xx 000 0 und d
082 _bKIN
_a362
100 _aKincaid, J.C
245 0 _aPoverty and equality in Britain :
_ba study of social security and taxation
260 _aMiddlesex
_bPenguin Books Ltd.
_c1973
300 _a245 p.,
650 _aPoverty
650 _aEquality
942 _cL
999 _c2901
_d2901